| 000 | 00560nam a2200181Ia 4500 | ||
|---|---|---|---|
| 008 | 090124s9999 xx 000 0 und d | ||
| 082 | _b37862 | ||
| 100 | _aराजाध्यक्ष विजया | ||
| 245 | _a समांतर | ||
| 250 | _a0 | ||
| 260 |
_bमॅजेस्टिक प्रकाशन _c2000 |
||
| 300 | _a172 | ||
| 600 | _aराजाध्यक्ष विजया | ||
| 630 | _a समांतर | ||
| 700 | _aराजाध्यक्ष विजया | ||
| 730 | _a समांतर | ||
| 942 | _cBOOK | ||
| 999 |
_c103950 _d103950 |
||